00358nam a2200133Ia 4500008004100000020001500041041001200056082001600068100001700084245005700101260004000158300000800198650001800206221030s9999 xx 000 0 und d a8170145929 aEnglish a105.23bPra aL. M. Prasad 0aPrinciples & Practice of Managementcby L. M. Prasad bSultan Chand &SonsaNew Delhic2001 a690 aBE Management